| 000 | 00769nam a2200217Ia 4500 | ||
|---|---|---|---|
| 003 | GCL | ||
| 008 | 140319s9999 xx 000 0 ara d | ||
| 040 |
_aGCL / _cGCL |
||
| 082 | 0 | 4 |
_a155.4 _bم م |
| 100 | 1 | _aمحمد حسن غانم | |
| 245 | 1 | 0 |
_aمخاوف الاطفال وكيف نتعامل معها / _cمحمد حسن غانم |
| 260 |
_aالقاهرة : _bالمكتبة المصرية ، _c2004 |
||
| 300 |
_a62 ص ؛ _c24 سم |
||
| 490 |
_aكيف نربى اطفالنا _v0 |
||
| 650 | 0 | 4 | _aالاباء والابناء |
| 650 | 0 | 4 | _aالاطفال - علم نفس |
| 650 | 0 | 4 | _aالاطفال - امراض - علم نفس |
| 650 | 0 | 4 | _aالاطفال - عناية صحية |
| 650 | 0 | 4 | _aالخوف ( علم نفس الطفل ) |
| 942 |
_2ddc _cBK |
||
| 999 |
_c6159 _d6159 |
||